Statistics for Minecraft Mobs by Picture #2

Click here to take the quiz!

General Stats

  • This quiz has been taken 37 times
  • The average score is 18 of 20

Answer Stats

Answer% Correct
Bee
100%
Creeper
100%
Iron Golem
100%
Chicken
97%
Frog
97%
Ghast
97%
Polar Bear
97%
Pufferfish
97%
Skeleton Horse
97%
Wither
97%
Magma Cube
94%
Mooshroom
94%
Turtle
94%
Axolotl
91%
Guardian
84%
Zoglin
78%
Ravager
72%
Stray
72%
Vindicator
69%
Zombified Piglin
66%

Score Distribution

Percentile by Number Answered

Percent of People with Each Score

Your Score History

You have not taken this quiz